Odgadnij państwo po jedzeniu - Statystyki

Ogólne statystyki
  • Ten quiz został rozwiązany 149 razy
  • Średni wynik to 10 z 15
Statystyki odpowiedzi
podpowiedzi odpowiedz % Poprawnych
🍕🍝 Włochy
99%
🍷 🥖 Francja
96%
🍻🥨 Niemcy
94%
🥟 Polska
94%
🌭🍔 Usa
94%
🍣🍥 Japonia
93%
🍛🍜 Chiny
82%
🧀🍫 Szwajcaria
77%
🥞 Kanada
70%
🌯 Turcja
63%
Wielka Brytania
51%
🥝 Nowa Zelandia
37%
🍱 Korea
36%
🥔 Białorus
34%
🧊 Grenlandia
19%
Nie znaleziono quizów pasujących do podanych kryteriów
Rozkład punktacji
Procent ludzi z każdym wynikiem
Percentyl według liczby udzielonych odpowiedzi
Twoja historia wyników
Nie rozwiązałeś tego quizu